Стеклокерамические материалы низкотемпературного спекания с корундовой кристаллической фазой; ХХ Менделеевский съезд по общей и прикладной химии, г. Екатеринбург, 26-30 сентября 2016 г.; Т. 2b : Химия и технология материалов, включая наноматериалы
| Parent link: | ХХ Менделеевский съезд по общей и прикладной химии, г. Екатеринбург, 26-30 сентября 2016 г.: тезисы докладов : в 5 т./ Российская академия наук (РАН), Уральское отделение (УрО).— , 2016 Т. 2b : Химия и технология материалов, включая наноматериалы.— 2016.— [С. 35] |
|---|---|
| 1. autor: | |
| Korporacja: | |
| Streszczenie: | Заглавие с титульного листа Режим доступа: по договору с организацией-держателем ресурса |
| Język: | rosyjski |
| Wydane: |
2016
|
| Hasła przedmiotowe: | |
| Dostęp online: | https://elibrary.ru/item.asp?id=28291078 |
| Format: | Elektroniczne Rozdział |
| KOHA link: | https://koha.lib.tpu.ru/cgi-bin/koha/opac-detail.pl?biblionumber=655588 |
MARC
| LEADER | 00000naa0a2200000 4500 | ||
|---|---|---|---|
| 001 | 655588 | ||
| 005 | 20250913165234.0 | ||
| 035 | |a (RuTPU)RU\TPU\network\21818 | ||
| 035 | |a RU\TPU\network\21817 | ||
| 090 | |a 655588 | ||
| 100 | |a 20170915d2016 k||y0rusy50 ca | ||
| 101 | 0 | |a rus | |
| 102 | |a RU | ||
| 135 | |a drcn ---uucaa | ||
| 181 | 0 | |a i | |
| 182 | 0 | |a b | |
| 200 | 1 | |a Стеклокерамические материалы низкотемпературного спекания с корундовой кристаллической фазой |f Д. А. Пашков | |
| 203 | |a Текст |c электронный | ||
| 300 | |a Заглавие с титульного листа | ||
| 333 | |a Режим доступа: по договору с организацией-держателем ресурса | ||
| 461 | 1 | |t ХХ Менделеевский съезд по общей и прикладной химии, г. Екатеринбург, 26-30 сентября 2016 г. |o тезисы докладов : в 5 т. |f Российская академия наук (РАН), Уральское отделение (УрО) |d 2016 | |
| 463 | 1 | |t Т. 2b : Химия и технология материалов, включая наноматериалы |v [С. 35] |d 2016 | |
| 610 | 1 | |a электронный ресурс | |
| 610 | 1 | |a труды учёных ТПУ | |
| 700 | 1 | |a Пашков |b Д. А. |c химик-технолог |c техник Томского политехнического университета |g Дмитрий Александрович |3 (RuTPU)RU\TPU\pers\32467 | |
| 712 | 0 | 2 | |a Национальный исследовательский Томский политехнический университет (ТПУ) |b Институт физики высоких технологий (ИФВТ) |b Кафедра технологии силикатов и наноматериалов (ТСН) |3 (RuTPU)RU\TPU\col\18694 |
| 801 | 2 | |a RU |b 63413507 |c 20170915 |g RCR | |
| 856 | 4 | |u https://elibrary.ru/item.asp?id=28291078 | |
| 942 | |c CF | ||